000 00365nam a2200145Ia 4500
008 191201s1999 xx 000 0 und d
020 _a9788182092211
082 _a004
_bLEF
100 _aLEON, Alexis
245 0 _aFundamentals of Information Technology
260 _aN.Delhi
_bVikas Publication House
_c1999
300 _amisc
650 _aMCA
942 _2ddc
_cBK
999 _c3777
_d3777